| 000 | 00766nam a2200217 i 4500 | ||
|---|---|---|---|
| 001 | 99578 | ||
| 003 | ES-MaACL | ||
| 005 | 20230906182524.0 | ||
| 007 | t| | ||
| 008 | 050913s1969 sp ||||1| spa d | ||
| 100 | 1 |
_aMartínez Bande, José Manuel. _977883 |
|
| 245 | 1 | 3 |
_aLa campaña de Andalucía / _cJosé Manuel Martínez Bande. |
| 260 |
_aMadrid : _bSan Martín, _c1969. |
||
| 300 |
_a242 p. 10 lám. 17 map. pleg. ; _c24 cm. |
||
| 490 | 1 |
_aMonografías de la Guerra de la Liberación ; _v3 |
|
| 500 | _aPrecede al tít.: Servicio Histórico Militar. | ||
| 710 | 1 |
_aEspaña. _bServicio Histórico Militar. _93980 |
|
| 830 | 0 |
_aMonografías de la Guerra de la Liberación ; _v3 _9232402 |
|
| 852 |
_aES-MaACL _jC-36593 _bR.69862 |
||
| 999 |
_c99578 _d99578 |
||